Chemical kinetics of solids /

Bibliographic Details
Main Author: Schmalzried, Hermann
Format: Book
Language:English
Published: Weinheim ; New York : VCH, [1995]
Subjects:

MARC

Tag First Indicator Second Indicator Subfields
LEADER 00000cam a22000008a 4500
001 in00001241721
005 20151003070743.0
008 941123s1995 gw a b 001 0 eng
010 |a  94045510  
020 |a 352729094X (acid-free) :  |c $214.00 (U.S. : est.) 
035 |a (OCoLC)31661771 
035 |9 AGT2719AM 
040 |a DLC  |c DLC  |d GZM  |d TXA  |d UtOrBLW 
049 |a TXAM 
050 0 0 |a QD478  |b .S337 1995 
082 0 0 |a 541/.0421  |2 20 
100 1 |a Schmalzried, Hermann. 
245 1 0 |a Chemical kinetics of solids /  |c Hermann Schmalzried. 
264 1 |a Weinheim ;  |a New York :  |b VCH,  |c [1995] 
264 4 |c ©1995 
300 |a xvi, 433 pages :  |b illustrations ;  |c 25 cm. 
336 |a text  |b txt  |2 rdacontent 
337 |a unmediated  |b n  |2 rdamedia 
338 |a volume  |b nc  |2 rdacarrier 
504 |a Includes bibliographical references and indexes. 
650 0 |a Solid state chemistry. 
650 0 |a Chemical kinetics. 
999 |a MARS 
999 f f |s b7fa6471-b6e2-3bfa-a183-80751c53560c  |i 02cb6839-dad3-3369-b0af-eb950c074d1b  |t 0 
952 f f |p normal  |a Texas A&M University  |b College Station  |c Sterling C. Evans Library  |d Evans: Library Stacks  |t 0  |e QD478 .S337 1995  |h Library of Congress classification  |i unmediated -- volume  |m A14819107858 
998 f f |a QD478 .S337 1995  |t 0  |l Evans: Library Stacks